Normal view MARC view

Entry Nombre personal

Number of records used in: 1

001 - NÚMERO DE CONTROL

  • campo de control: 127369

003 - IDENTIFICADOR DE NÚMERO DE CONTROL

  • campo de control: SpMaBN

005 - FECHA Y HORA DE LA ÚLTIMA TRANSACCIÓN

  • campo de control: 20250830074651.0

008 - ELEMENTOS DE DATO DE LONGITUD-FIJA

  • campo de control de longitud fija: 900725nn ainnnaabn n aaa

016 ## - NÚMERO DE CONTROL DE UNA AGENCIA BIBLIOGRÁFICA NACIONAL

  • Número de control del registro: BNE19982633330

024 7# - IDENTIFICADOR DE OTROS ESTÁNDARES

  • Número estándar o código: http://viaf.org/viaf/2161878867033610398/
  • Fuente: viaf

040 ## - FUENTE DE CATALOGACIÓN

  • Centro catalogador/agencia de origen: SpMaBN
  • Lengua de catalogación: spa
  • Centro/agencia transcriptor: SpMaBN
  • Normas de descripción: rdc
  • Convención/Normas de encabezamiento de materia/tesauro: embne

100 1# - ENCABEZAMIENTO-NOMBRE DE PERSONA

  • Nombre de persona: Gómez Manés, León

370 ## - LUGAR ASOCIADO

  • Lugar de nacimiento: España

374 ## - OCUPACIÓN

  • Ocupación: Militares

375 ## - GÉNERO/SEXO

  • Género: Masculino

377 ## - IDIOMA ASOCIADO

  • Término de lengua/lenguaje: Español

670 ## - FUENTE DE DATOS ENCONTRADOS

  • Cita de la fuente: Resumen de los datos numéricos relativos al material de batalla, 1888
  • Información encontrada: ([León Gómez Manés])

670 ## - FUENTE DE DATOS ENCONTRADOS

  • Cita de la fuente: El Correo militar. 1/9/1888, en WWW BNE Hemeroteca Digital, 04-03-2021
  • Información encontrada: pág.[3](D. León Gómez Mañés. Comandantes)
  • Identificador Uniforme de Recursos: http://hemerotecadigital.bne.es/issue.vm?id=0003100527&page=3& search=%22Le%C3%B3n+G%C3%B3mez+Ma%C3%B1%C3%A9s%22&lang=es